Les résultats du Psg en ldc en 2021-2022 - Statistiques

Statistiques générales
  • Ce quiz a été pris 174 fois
  • Le résultat moyen est 7 sur 8
Statistiques - réponses
Hint Réponse % Correct
Psg - Real Madrid 1-0
95%
Real Madrid - Psg 3-1
94%
Psg - Manchester City 2-0
91%
Manchester City - Psg 2-1
90%
Club Bruges - Psg 1-1
81%
Psg - RB Leipzig 3-2
81%
RB Leipzig - Psg 2-2
79%
Psg - Club Bruges 4-1
72%
Aucun quiz correspondant
Distribution des résultats
% des personnes avec chaque résultat
Percentile par nombre de réponses
Votre historique - résultats
Vous n’avez pas pris ce quiz